000 00934nam a2200265Ia 4500
005 20211111074552.0
008 130821s2004 ck gr spa
020 _a9587041550
040 _aCO-BoUCM
_bspa
_cJose A. Gerena (modificó)
_d[Nuevo]
041 0 0 _aspa
100 1 _aKovach, Bill
_929374
245 1 4 _aLos elementos del periodismo
_cBill Kovach y Tom Rosenstiel ; traducción Amado Diéguez Rodríguez
260 _aBogotá (Colombia)
_bEdiciones El País
_c2004
300 _a284 páginas
650 0 7 _aÉtica periodística
_915255
650 0 7 _aFilosofía del periodismo
_915798
650 0 7 _aPeriodismo como profesión
_921343
650 0 7 _aPeriodismo
_921340
690 _aPeriodismo
_921340
700 1 _aDiéguez Rodríguez, Amado
_929375
700 1 _aRosenstiel, Tom
_929376
765 4 _aThe elements of journalism
942 _cLIBRO
_2DEWEY
_a24
_e1
_h070.4
_mK883pai
999 _c52074
_d52074